000 00212 a2200097 4500
001 34941
100 _aCameron
245 _aChina Japan & the powers
260 _aNY
_bRonald Press Co
_c
090 _c23104
_d23104
942 _aNUST-CAE
_cM
_c14564
999 _c270014
_d270014